[Event "Dortmund op-A"]
[Site "Dortmund"]
[Date "2007.06.22"]
[Round "1"]
[White "Hubel, Merten"]
[Black "Konietzka, Lutz"]
[Result "1-0"]
[WhiteElo "1910"]
[BlackElo "2106"]
[PlyCount "53"]
[EventDate "2007.06.22"]
[EventType "swiss"]
[EventRounds "9"]
[EventCountry "GER"]
[SourceTitle "EXT 2008"]
[Source "ChessBase"]
[SourceDate "2007.11.25"]
[SourceVersion "1"]
[SourceVersionDate "2007.11.25"]
[SourceQuality "1"]

1. d4 g6 2. c4 Bg7 3. Nc3 c5 4. d5 d6 5. e4 Nf6 6. f4 0-0 7. Nf3 e6 8. Bd3 exd5 9. cxd5 b5 10. 0-0 b4 11. Na4 Re8 12. e5 dxe5 13. fxe5 Ng4 14. d6 Be6 15. Be4 Nd7 16. Ng5 Ngxe5 17. Nxe6 Rxe6 18. Bxa8 Qxa8 19. Be3 Qc6 20. Nxc5 Nxc5 21. Rc1 Ned3 22. Qxd3 Nxd3 23. Rxc6 Ne5 24. Rc8+ Bf8 25. Bh6 Nd7 26. Bxf8 Nxf8 27. d7 1-0

[Event "Ruhrgebiet VL2 0405"]
[Site "Ruhrgebiet"]
[Date "2005.03.13"]
[Round "8.1"]
[White "Tereick, Benjamin"]
[Black "Konietzka, Lutz"]
[Result "1-0"]
[WhiteElo "2102"]
[BlackElo "1989"]
[PlyCount "69"]
[EventDate "2004.09.12"]
[EventType "team"]
[EventRounds "9"]
[EventCountry "GER"]
[SourceTitle "EXT 2006"]
[Source "ChessBase"]
[SourceDate "2005.11.24"]
[SourceVersion "1"]
[SourceVersionDate "2005.11.24"]
[SourceQuality "1"]
[WhiteTeam "Muelheim Nord III"]
[BlackTeam "Buer"]
[WhiteTeamCountry "GER"]
[BlackTeamCountry "GER"]

1. Nf3 g6 2. d4 Bg7 3. e4 c5 4. dxc5 Qa5+ 5. c3 Qxc5 6. Na3 Nc6 7. Nc4 Nf6 8. Be3 Qh5 9. Be2 Ng4 10. Bf4 Qc5 11. 0-0 Nce5 12. Nfxe5 Nxe5 13. Ne3 d6 14. Nd5 Be6 15. Bb5+ Bd7 16. Bxd7+ Nxd7 17. Be3 Qa5 18. Bd4 e5 19. Be3 0-0 20. Ne7+ Kh8 21. Qxd6 Nf6 22. b4 Qd8 23. Qxd8 Rfxd8 24. f3 Rd7 25. Nd5 Nxd5 26. exd5 Rxd5 27. Rad1 Rad8 28. Rxd5 Rxd5 29. Bxa7 Rd2 30. a4 Rc2 31. Rd1 Bf6 32. Rd3 Kg7 33. Be3 e4 34. fxe4 Bxc3 35. Rxc3 1-0

[Event "Ruhrgebiet VL2 0405"]
[Site "Ruhrgebiet"]
[Date "2005.01.30"]
[Round "6.1"]
[White "Visser, Yge"]
[Black "Konietzka, Lutz"]
[Result "1-0"]
[WhiteElo "2439"]
[BlackElo "1989"]
[PlyCount "69"]
[EventDate "2004.09.12"]
[EventType "team"]
[EventRounds "9"]
[EventCountry "GER"]
[SourceTitle "EXT 2006"]
[Source "ChessBase"]
[SourceDate "2005.11.24"]
[SourceVersion "1"]
[SourceVersionDate "2005.11.24"]
[SourceQuality "1"]
[WhiteTeam "Altstadt RE"]
[BlackTeam "Buer"]
[WhiteTeamCountry "GER"]
[BlackTeamCountry "GER"]

1. e4 c5 2. d3 Nc6 3. g3 g6 4. Bg2 Bg7 5. f4 d6 6. Nh3 e5 7. 0-0 Nge7 8. Nc3 Nd4 9. f5 gxf5 10. Qh5 h6 11. Bd2 Be6 12. exf5 Ndxf5 13. Ne4 Qd7 14. c3 Nc8 15. g4 Nfe7 16. g5 hxg5 17. Qxg5 Ng6 18. Nhf2 Nce7 19. d4 f5 20. dxc5 fxe4 21. Nxe4 d5 22. Nd6+ Kd8 23. c4 Bh6 24. Ba5+ b6 25. cxb6 Qxd6 26. b7+ Kd7 27. bxa8Q Bxg5 28. Qxa7+ Ke8 29. cxd5 Nxd5 30. Rad1 e4 31. h3 e3 32. Qa8+ Ke7 33. Qb7+ Qd7 34. Bb4+ Ke8 35. Bxd5 1-0

[Event "Ruhrgebiet VL2 0405"]
[Site "Ruhrgebiet"]
[Date "2005.01.09"]
[Round "5.1"]
[White "Konietzka, Lutz"]
[Black "Schulenburg, Pit"]
[Result "0-1"]
[WhiteElo "1989"]
[BlackElo "2232"]
[PlyCount "56"]
[EventDate "2004.09.12"]
[EventType "team"]
[EventRounds "9"]
[EventCountry "GER"]
[SourceTitle "EXT 2006"]
[Source "ChessBase"]
[SourceDate "2005.11.24"]
[SourceVersion "1"]
[SourceVersionDate "2005.11.24"]
[SourceQuality "1"]
[WhiteTeam "Buer"]
[BlackTeam "Dortmund FS 98"]
[WhiteTeamCountry "GER"]
[BlackTeamCountry "GER"]

1. Nf3 g6 2. c4 f5 3. Nc3 Nf6 4. g3 Bg7 5. Bg2 0-0 6. 0-0 d6 7. d3 e5 8. Rb1 Nc6 9. b4 h6 10. b5 Ne7 11. Nd2 g5 12. Qb3 c5 13. bxc6 bxc6 14. Ba3 Rf7 15. Qa4 e4 16. Rb3 d5 17. Rfb1 Bd7 18. Bc5 Qc7 19. Rb7 Qe5 20. d4 Qe6 21. e3 f4 22. Bxe7 Qxe7 23. Rxa7 Rxa7 24. Qxa7 fxe3 25. fxe3 Ng4 26. Nd1 Qf6 27. Rb3 Nf2 28. Nc3 Nh3+ 0-1

[Event "Ruhrgebiet VL2 0405"]
[Site "Ruhrgebiet"]
[Date "2004.11.28"]
[Round "4.1"]
[White "Voss, Hubertus"]
[Black "Konietzka, Lutz"]
[Result "1-0"]
[WhiteElo "2181"]
[BlackElo "1989"]
[PlyCount "69"]
[EventDate "2004.09.12"]
[EventType "team"]
[EventRounds "9"]
[EventCountry "GER"]
[SourceTitle "EXT 2006"]
[Source "ChessBase"]
[SourceDate "2005.11.24"]
[SourceVersion "1"]
[SourceVersionDate "2005.11.24"]
[SourceQuality "1"]
[WhiteTeam "Hamm 1911"]
[BlackTeam "Buer"]
[WhiteTeamCountry "GER"]
[BlackTeamCountry "GER"]

1. e4 c5 2. Nf3 g6 3. d4 Bg7 4. dxc5 Qa5+ 5. c3 Qxc5 6. Be3 Qa5 7. Bc4 Nc6 8. 0-0 Nf6 9. Nbd2 0-0 10. h3 d6 11. Nd4 Nxd4 12. Bxd4 Bd7 13. Qe2 Bc6 14. e5 dxe5 15. Nb3 Qd8 16. Bxe5 b6 17. Rfd1 Qc8 18. Nd4 Bb7 19. a4 a6 20. Rd2 Ne4 21. Bxg7 Kxg7 22. Rdd1 Qc7 23. Bd3 Nf6 24. Re1 Nd5 25. Be4 e6 26. c4 Nf6 27. Bxb7 Qxb7 28. b3 Rac8 29. Qb2 Rc5 30. Re3 e5 31. Nf3 Re8 32. Nxe5 Kg8 33. Rae1 Rcc8 34. Nxg6 Rxe3 35. Rxe3 1-0

[Event "Essen Easter op 10th"]
[Site "Essen"]
[Date "2004.04.11"]
[Round "7"]
[White "Henrichs, Thomas"]
[Black "Konietzka, Lutz"]
[Result "1-0"]
[WhiteElo "2427"]
[BlackElo "2088"]
[PlyCount "63"]
[EventDate "2004.04.07"]
[EventType "swiss"]
[EventRounds "9"]
[EventCountry "GER"]
[SourceTitle "CBM 099 Extra"]
[Source "ChessBase"]
[SourceDate "2004.05.04"]
[SourceVersion "1"]
[SourceVersionDate "2004.05.04"]
[SourceQuality "1"]

1. e4 c5 2. Nf3 g6 3. d4 Bg7 4. d5 d6 5. c4 Nf6 6. Nc3 0-0 7. h3 e6 8. Bd3 Na6 9. Bg5 h6 10. Be3 Nc7 11. a4 a6 12. Qd2 Kh7 13. a5 Rb8 14. 0-0 exd5 15. exd5 b5 16. axb6 Rxb6 17. Rfb1 Bd7 18. Ra3 Qb8 19. Na2 Nfxd5 20. cxd5 Bxb2 21. Bxh6 Re8 22. Ng5+ Kxh6 23. Nxf7+ Kg7 24. Qh6+ Kxf7 25. Qxg6+ Ke7 26. Rxb2 Kd8 27. Qf6+ Kc8 28. Rxb6 Qxb6 29. Nc3 Nb5 30. Nxb5 Bxb5 31. Bxb5 axb5 32. Ra8+ 1-0

[Event "Essen Easter op 10th"]
[Site "Essen"]
[Date "2004.04.08"]
[Round "2"]
[White "Konietzka, Lutz"]
[Black "Straeter, Timo"]
[Result "0-1"]
[WhiteElo "2088"]
[BlackElo "2335"]
[PlyCount "56"]
[EventDate "2004.04.07"]
[EventType "swiss"]
[EventRounds "9"]
[EventCountry "GER"]
[SourceTitle "CBM 099 Extra"]
[Source "ChessBase"]
[SourceDate "2004.05.04"]
[SourceVersion "1"]
[SourceVersionDate "2004.05.04"]
[SourceQuality "1"]

1. Nf3 d5 2. g3 g6 3. Bg2 Bg7 4. c4 dxc4 5. Na3 Nc6 6. Nxc4 e5 7. 0-0 Nge7 8. d3 0-0 9. Rb1 Nd5 10. Bd2 Re8 11. Ng5 Nd4 12. e3 Nc6 13. Qb3 a5 14. Nxa5 Nxa5 15. Qxd5 Qxg5 16. Bxa5 Be6 17. Qb5 c6 18. Qc5 Bf8 19. Qc3 e4 20. Bb6 Qb5 21. Bd4 exd3 22. Rfd1 c5 23. Bf6 Bxa2 24. Ra1 Bb3 25. Rxa8 Rxa8 26. Rxd3 Ra1+ 27. Bf1 Bc4 28. Kg2 Rxf1 0-1

[Event "Ruhrgebiet VK3 0304"]
[Site "Ruhrgebiet"]
[Date "2003.12.07"]
[Round "4.1"]
[White "Konietzka, Lutz"]
[Black "Mallee, Ralph"]
[Result "0-1"]
[WhiteElo "1928"]
[BlackElo "2159"]
[PlyCount "49"]
[EventDate "2003.09.28"]
[EventType "team"]
[EventRounds "9"]
[EventCountry "GER"]
[SourceTitle "EXT 2007"]
[Source "ChessBase"]
[SourceDate "2006.11.23"]
[SourceVersion "1"]
[SourceVersionDate "2006.11.23"]
[SourceQuality "1"]
[WhiteTeam "Buer"]
[BlackTeam "Dortmund SV"]
[WhiteTeamCountry "GER"]
[BlackTeamCountry "GER"]

1. Nf3 Nf6 2. g3 g6 3. Bg2 Bg7 4. c4 c6 5. Nc3 d5 6. cxd5 cxd5 7. d4 Nc6 8. Ne5 0-0 9. Nxc6 bxc6 10. 0-0 e5 11. dxe5 Ng4 12. Bf4 Nxe5 13. Rc1 Nc4 14. Na4 Nb6 15. Nxb6 Qxb6 16. b3 Be6 17. Be3 Qb7 18. Bd4 Rfc8 19. Bxg7 Kxg7 20. Qd4+ Kg8 21. Rc2 c5 22. Rxc5 Rxc5 23. Qxc5 Rc8 24. Qe3 Rc2 25. a3 0-1

[Event "Bochum La Cantina op"]
[Site "Bochum"]
[Date "2003.09.25"]
[Round "4"]
[White "Gohla, Ulf"]
[Black "Konietzka, Lutz"]
[Result "1-0"]
[WhiteElo "2077"]
[BlackElo "2093"]
[PlyCount "74"]
[EventDate "2003.09.??"]
[EventType "swiss"]
[EventRounds "9"]
[EventCountry "GER"]
[SourceTitle "EXT 2004"]
[Source "ChessBase"]
[SourceDate "2003.11.25"]
[SourceVersion "1"]
[SourceVersionDate "2003.11.25"]
[SourceQuality "1"]

1. d4 g6 2. e4 Bg7 3. Be3 c5 4. c3 cxd4 5. Bxd4 Nf6 6. e5 Nh5 7. Bc4 0-0 8. Na3 Nc6 9. Nf3 d6 10. exd6 Nxd4 11. Nxd4 Qxd6 12. 0-0 a6 13. Nac2 Nf4 14. Qf3 e5 15. Ne2 Nxe2+ 16. Bxe2 Be6 17. Ne3 b5 18. Rfd1 Qc5 19. Nd5 f5 20. b4 Qa7 21. a4 e4 22. Qg3 f4 23. Qg5 Qf7 24. axb5 h6 25. Ne7+ Kh7 26. Qc5 f3 27. gxf3 Qf4 28. Qe3 Qxe3 29. fxe3 exf3 30. Bd3 Bxc3 31. Rxa6 Rxa6 32. bxa6 Bxb4 33. Nxg6 f2+ 34. Kg2 Bd5+ 35. Kf1 Rd8 36. Nf4+ Kg7 37. Kxf2 Bf7 1-0

[Event "Essen Easter op 9th"]
[Site "Essen"]
[Date "2003.04.19"]
[Round "5"]
[White "Konietzka, Lutz"]
[Black "Kummerow, Heiko"]
[Result "0-1"]
[WhiteElo "2101"]
[BlackElo "2304"]
[PlyCount "78"]
[EventDate "2003.04.16"]
[EventType "swiss"]
[EventRounds "9"]
[EventCountry "GER"]
[SourceTitle "CBM 093 Extra"]
[Source "ChessBase"]
[SourceDate "2003.05.09"]
[SourceVersion "1"]
[SourceVersionDate "2003.05.09"]
[SourceQuality "1"]

1. Nf3 Nf6 2. g3 g6 3. Bg2 Bg7 4. c4 0-0 5. Nc3 d6 6. 0-0 e5 7. d4 Nbd7 8. e4 c6 9. b3 h6 10. h3 Re8 11. Be3 exd4 12. Nxd4 Nc5 13. Qc2 Qb6 14. Rab1 a5 15. a3 Qc7 16. b4 axb4 17. axb4 Ne6 18. Nde2 Ng5 19. g4 Qe7 20. Ng3 Ra3 21. Rb3 Rxb3 22. Qxb3 Ngh7 23. c5 Nf8 24. Qc2 Ne6 25. cxd6 Qxd6 26. b5 Nd7 27. bxc6 bxc6 28. Rd1 Qc7 29. Qd2 Kh7 30. Nge2 Ne5 31. Qa2 Ng5 32. Nd4 Rd8 33. Nde2 Rxd1+ 34. Nxd1 Nef3+ 35. Bxf3 Nxf3+ 36. Kg2 Qh2+ 37. Kxf3 Qxh3+ 38. Ng3 Bxg4+ 39. Kf4 g5# 0-1

[Event "Gelsenkirchen-ch"]
[Site "Gelsenkirchen"]
[Date "2003.??.??"]
[Round "2"]
[White "Goeldenboog, Juergen"]
[Black "Konietzka, Lutz"]
[Result "1/2-1/2"]
[WhiteElo "2030"]
[BlackElo "2100"]
[PlyCount "80"]
[EventDate "2003.??.??"]
[EventType "swiss"]
[EventRounds "7"]
[EventCountry "GER"]
[SourceTitle "EXT 2007"]
[Source "ChessBase"]
[SourceDate "2006.11.23"]
[SourceVersion "1"]
[SourceVersionDate "2006.11.23"]
[SourceQuality "1"]

1. d4 Nf6 2. c4 c5 3. d5 d6 4. Nc3 g6 5. e4 Bg7 6. f4 0-0 7. Nf3 e6 8. Be2 exd5 9. e5 Ne4 10. Nxd5 dxe5 11. Qc2 f5 12. 0-0 Nc6 13. Bd3 Nd4 14. Nxd4 exd4 15. Bxe4 fxe4 16. Qxe4 Re8 17. Qf3 Bf5 18. Bd2 Be4 19. Qb3 Qd7 20. Rae1 b5 21. Rxe4 Rxe4 22. cxb5 Kh8 23. Ba5 Rae8 24. b6 axb6 25. Nxb6 Qg4 26. h3 Qe2 27. Nc4 d3 28. Bc3 Bd4+ 29. Bxd4+ Rxd4 30. Ne5 d2 31. Rd1 Rf8 32. Nf3 Rd3 33. Qc2 Rxf3 34. gxf3 Rd8 35. b4 cxb4 36. Qb2+ Kg8 37. Qb3+ Kg7 38. Qb2+ Kh6 39. f5 Rd3 40. Rxd2 Rxd2 1/2-1/2

[Event "Gelsenkirchen-ch"]
[Site "Gelsenkirchen"]
[Date "2003.??.??"]
[Round "3"]
[White "Konietzka, Lutz"]
[Black "Blenkers, Christian"]
[Result "1-0"]
[WhiteElo "2100"]
[BlackElo "2020"]
[PlyCount "121"]
[EventDate "2003.??.??"]
[EventType "swiss"]
[EventRounds "7"]
[EventCountry "GER"]
[SourceTitle "EXT 2007"]
[Source "ChessBase"]
[SourceDate "2006.11.23"]
[SourceVersion "1"]
[SourceVersionDate "2006.11.23"]
[SourceQuality "1"]

1. Nf3 d5 2. g3 Nf6 3. Bg2 c6 4. 0-0 Bg4 5. b3 Qc8 6. c4 Bh3 7. Ba3 Bxg2 8. Kxg2 Nbd7 9. d3 e6 10. Bxf8 Nxf8 11. Nbd2 Ng6 12. b4 0-0 13. Qc2 Qd7 14. Qb2 Rfd8 15. Rab1 b6 16. d4 Ne4 17. Rbc1 Rac8 18. e3 Nxd2 19. Qxd2 f6 20. Rfd1 Ne7 21. Qc2 Nf5 22. c5 b5 23. a4 a6 24. Ra1 Ra8 25. Rd3 Ra7 26. Rda3 Rda8 27. Qc3 Qb7 28. R1a2 Ne7 29. Qa1 Nc8 30. Nd2 Kf7 31. Qb1 g6 32. h4 Ne7 33. h5 Kg7 34. hxg6 hxg6 35. Nf3 Qb8 36. Qa1 Nc8 37. Qb1 Ne7 38. Qb2 Qb7 39. Qa1 Nc8 40. Qb1 Qc7 41. Ra1 Ne7 42. Qb2 Qb8 43. Qa2 Nc8 44. Qc2 a5 45. axb5 Qxb5 46. bxa5 Rxa5 47. Rxa5 Rxa5 48. Rb1 Qa6 49. Nh4 f5 50. Nf3 Ra2 51. Rb2 Ra1 52. Rb1 Ra2 53. Qb3 Kf6 54. Rb2 Ra1 55. Rb1 Rxb1 56. Qxb1 Qb5 57. Qh1 Qb7 58. Qh8+ Qg7 59. Qxc8 g5 60. Qd8+ Kg6 61. Qxg5+ 1-0

[Event "Gelsenkirchen-ch"]
[Site "Gelsenkirchen"]
[Date "2003.??.??"]
[Round "7"]
[White "Konietzka, Lutz"]
[Black "Holtkamp, Matthias"]
[Result "1-0"]
[WhiteElo "2100"]
[BlackElo "1955"]
[PlyCount "98"]
[EventDate "2003.??.??"]
[EventType "swiss"]
[EventRounds "7"]
[EventCountry "GER"]
[SourceTitle "EXT 2007"]
[Source "ChessBase"]
[SourceDate "2006.11.23"]
[SourceVersion "1"]
[SourceVersionDate "2006.11.23"]
[SourceQuality "1"]

1. Nf3 f5 2. g3 Nf6 3. Bg2 g6 4. 0-0 Bg7 5. c4 0-0 6. Nc3 d6 7. d3 e5 8. b4 e4 9. Nd4 c5 10. Nc2 Nc6 11. Rb1 Qe7 12. Bg5 Qe5 13. Qd2 cxb4 14. Nxb4 Nxb4 15. Rxb4 Ng4 16. Nd5 Rf7 17. Rb5 Qe8 18. Qa5 Rb8 19. Qxa7 Be6 20. Qb6 Bd7 21. Rbb1 Bc6 22. Nb4 Ra8 23. Rbd1 Ne5 24. Nxc6 bxc6 25. dxe4 fxe4 26. Bxe4 Rb8 27. Qa6 Ra8 28. Qb6 Rb8 29. Qa6 Kh8 30. Rxd6 h6 31. Be3 Kh7 32. Rfd1 Rc7 33. Qa5 Re7 34. Rd8 Rxd8 35. Rxd8 Qf7 36. Bd3 Nxc4 37. Bxc4 Qxc4 38. Qd2 Rb7 39. Rd7 Rb1+ 40. Kg2 Qe4+ 41. f3 Qe6 42. Rc7 Kg8 43. Qd8+ Kh7 44. Qe7 Qxe7 45. Rxe7 Kg8 46. Rc7 Rb2 47. Rxg7+ Kf8 48. Rxg6 Rxe2+ 49. Bf2 c5 1-0

[Event "Recklinghausen op 13th"]
[Site "Recklinghausen"]
[Date "2002.08.20"]
[Round "4"]
[White "Konietzka, Lutz"]
[Black "Kern, Guido"]
[Result "1/2-1/2"]
[WhiteElo "2130"]
[BlackElo "2329"]
[PlyCount "33"]
[EventDate "2002.08.19"]
[EventType "swiss"]
[EventRounds "9"]
[EventCountry "GER"]
[SourceTitle "CBM 089 Extra"]
[Source "ChessBase"]
[SourceDate "2002.09.10"]
[SourceVersion "2"]
[SourceVersionDate "2002.09.10"]
[SourceQuality "1"]

1. Nf3 c5 2. g3 g6 3. Bg2 Bg7 4. c4 Nc6 5. Nc3 d6 6. 0-0 e5 7. d3 Nge7 8. a3 0-0 9. Rb1 a5 10. Bg5 f6 11. Bd2 Be6 12. Ne1 Qd7 13. Nc2 Rab8 14. b4 axb4 15. axb4 b6 16. Nd5 Bf7 17. Nce3 1/2-1/2

[Event "Sportland NRW Cup"]
[Site "Senden"]
[Date "2001.10.14"]
[Round "2"]
[White "Konietzka, Lutz"]
[Black "Fontaine, Robert"]
[Result "0-1"]
[WhiteElo "2160"]
[BlackElo "2452"]
[PlyCount "82"]
[EventDate "2001.10.13"]
[EventType "swiss"]
[EventRounds "9"]
[EventCountry "GER"]
[SourceTitle "CBM 084 Extra"]
[Source "ChessBase"]
[SourceDate "2001.10.26"]
[SourceVersion "1"]
[SourceVersionDate "2001.10.26"]
[SourceQuality "1"]

1. Nf3 d5 2. g3 Bg4 3. Bg2 Nd7 4. 0-0 c6 5. d3 Ngf6 6. Nbd2 e5 7. e4 dxe4 8. dxe4 Bc5 9. Qe1 0-0 10. Nc4 Bxf3 11. Bxf3 Qe7 12. a4 Rfd8 13. Bd2 Qe6 14. Qe2 Nb6 15. Nxb6 Bxb6 16. a5 Bc5 17. b4 Be7 18. Rab1 Ne8 19. c4 Nd6 20. Rfc1 h6 21. h4 f5 22. exf5 Nxf5 23. Bg4 Qf6 24. Bxf5 Qxf5 25. Bc3 Rf8 26. Re1 Rae8 27. Qe3 e4 28. Bd4 Bd6 29. Bc5 Bxc5 30. Qxc5 Re5 31. Qxa7 e3 32. f4 Qg6 33. Kh2 Qc2+ 34. Kh3 g5 35. hxg5 hxg5 36. fxe5 Qh7+ 37. Kg4 Qf5+ 38. Kh5 Qh3+ 39. Kg6 Qh7+ 40. Kxg5 Rf5+ 41. Kg4 Qh5# 0-1

[Event "Recklinghausen op 12th"]
[Site "Recklinghausen"]
[Date "2001.08.06"]
[Round "3"]
[White "Koscielski, Janusch"]
[Black "Konietzka, Lutz"]
[Result "1-0"]
[WhiteElo "2335"]
[BlackElo "2160"]
[PlyCount "54"]
[EventDate "2001.08.04"]
[EventType "swiss"]
[EventRounds "9"]
[EventCountry "GER"]
[SourceTitle "CBM 083 Extra"]
[Source "ChessBase"]
[SourceDate "2001.09.11"]
[SourceVersion "1"]
[SourceVersionDate "2001.09.11"]
[SourceQuality "1"]

1. e4 c5 2. Nf3 Nc6 3. d4 cxd4 4. Nxd4 g6 5. c4 Bg7 6. Be3 Nf6 7. Nc3 0-0 8. Be2 d6 9. 0-0 Bd7 10. Qd2 Nxd4 11. Bxd4 Bc6 12. Bd3 a5 13. Rae1 Re8 14. b3 Nd7 15. Bxg7 Kxg7 16. Re3 Qb6 17. Rh3 Nf8 18. Bc2 Qc5 19. a4 h5 20. Kh1 Nd7 21. Re3 Rad8 22. Nd5 Bxd5 23. exd5 Nf6 24. h3 b6 25. Rfe1 Qc7 26. Rg3 Rd7 27. Qg5 Rh8 1-0

[Event "Dortmund op-A"]
[Site "Dortmund"]
[Date "2001.??.??"]
[Round "9"]
[White "Bossy, Arnim"]
[Black "Konietzka, Lutz"]
[Result "1-0"]
[WhiteElo "2144"]
[BlackElo "2152"]
[PlyCount "66"]
[EventDate "2001.07.12"]
[EventType "swiss"]
[EventRounds "11"]
[EventCountry "GER"]
[SourceTitle "EXT 2002"]
[Source "ChessBase"]
[SourceDate "2001.11.25"]
[SourceVersion "1"]
[SourceVersionDate "2001.11.25"]
[SourceQuality "1"]

1. d4 Nf6 2. Nf3 g6 3. Nc3 Bg7 4. e4 d6 5. Be3 0-0 6. Qd2 a6 7. Bh6 b5 8. Bd3 Bb7 9. Bxg7 Kxg7 10. e5 Nfd7 11. Qe3 e6 12. h4 h6 13. 0-0-0 Qe7 14. Ne4 Nc6 15. h5 Rh8 16. hxg6 fxg6 17. Ng3 Nb4 18. Kb1 Nxd3 19. cxd3 dxe5 20. dxe5 Nb6 21. Ne4 Nd5 22. Qc5 Rhf8 23. Nd4 Rfe8 24. Qc1 Rh8 25. Rh3 Nb6 26. Qc5 Nd5 27. Qxe7+ Nxe7 28. Nxe6+ Kf7 29. Nxc7 Rad8 30. Nd6+ Kg7 31. Ne6+ Kh7 32. Nxd8 Bxg2 33. Rg3 Bd5 1-0

[Event "Ruhrgebiet VK 0001 playoff"]
[Site "Ruhrgebiet"]
[Date "2001.??.??"]
[Round "?"]
[White "Fleischhauer, Thomas"]
[Black "Konietzka, Lutz"]
[Result "1/2-1/2"]
[WhiteElo "1971"]
[BlackElo "2020"]
[PlyCount "23"]
[EventDate "2001.??.??"]
[EventType "team-tourn"]
[EventRounds "3"]
[EventCountry "GER"]
[SourceTitle "EXT 2024"]
[Source "ChessBase"]
[SourceDate "2023.10.10"]
[SourceVersion "1"]
[SourceVersionDate "2023.10.10"]
[SourceQuality "1"]
[WhiteTeam "Steele/Kray Rochade"]
[BlackTeam "Buer SF"]
[WhiteTeamCountry "GER"]
[BlackTeamCountry "GER"]

1. Nf3 g6 2. g3 Bg7 3. Bg2 c5 4. 0-0 Nc6 5. c4 Nf6 6. Nc3 d5 7. d4 dxc4 8. dxc5 Qa5 9. Nd4 Bd7 10. Nxc6 Bxc6 11. Bxc6+ bxc6 12. Qa4 1/2-1/2

[Event "Gelsenkirchen op"]
[Site "Gelsenkirchen"]
[Date "2001.??.??"]
[Round "2"]
[White "Konietzka, Lutz"]
[Black "Kern, Guido"]
[Result "1/2-1/2"]
[WhiteElo "2152"]
[BlackElo "2345"]
[PlyCount "25"]
[EventDate "2001.??.??"]
[EventType "swiss"]
[EventRounds "9"]
[EventCountry "GER"]
[SourceTitle "EXT 2002"]
[Source "ChessBase"]
[SourceDate "2001.11.25"]
[SourceVersion "1"]
[SourceVersionDate "2001.11.25"]
[SourceQuality "1"]

1. Nf3 c5 2. g3 g6 3. Bg2 Bg7 4. c4 Nc6 5. Nc3 Nh6 6. d4 cxd4 7. Nxd4 Nxd4 8. Bxh6 Bxh6 9. Qxd4 0-0 10. 0-0 Bg7 11. Qe3 d6 12. Rfd1 Bxc3 13. Qxc3 1/2-1/2

[Event "Dortmund op-A"]
[Site "Dortmund"]
[Date "2001.??.??"]
[Round "11"]
[White "Philippe, Denis"]
[Black "Konietzka, Lutz"]
[Result "1/2-1/2"]
[WhiteElo "2070"]
[BlackElo "2152"]
[PlyCount "29"]
[EventDate "2001.07.12"]
[EventType "swiss"]
[EventRounds "11"]
[EventCountry "GER"]
[SourceTitle "EXT 2002"]
[Source "ChessBase"]
[SourceDate "2001.11.25"]
[SourceVersion "1"]
[SourceVersionDate "2001.11.25"]
[SourceQuality "1"]

1. d4 Nf6 2. Nf3 g6 3. Nc3 d5 4. Bf4 Bg7 5. e3 0-0 6. Be2 c5 7. dxc5 Qa5 8. Nd2 Qxc5 9. Nb3 Qb6 10. a4 Nc6 11. a5 Qd8 12. a6 b6 13. Bf3 Bf5 14. 0-0 Rc8 15. Ra4 1/2-1/2

[Event "Ruhrgebiet VK1 0001"]
[Site "Ruhrgebiet"]
[Date "2000.11.19"]
[Round "3"]
[White "Konietzka, Lutz"]
[Black "Woller, Rainer"]
[Result "0-1"]
[WhiteElo "2007"]
[BlackElo "2132"]
[PlyCount "75"]
[EventDate "2000.09.17"]
[EventType "team-tourn"]
[EventRounds "9"]
[EventCountry "GER"]
[SourceTitle "EXT 2023"]
[Source "ChessBase"]
[SourceDate "2022.10.05"]
[SourceVersion "1"]
[SourceVersionDate "2022.10.05"]
[SourceQuality "1"]
[WhiteTeam "Buer SF"]
[BlackTeam "Mengede SG"]
[WhiteTeamCountry "GER"]
[BlackTeamCountry "GER"]

1. Nf3 Nf6 2. g3 g6 3. Bg2 Bg7 4. c4 0-0 5. 0-0 d6 6. d4 Nbd7 7. Nc3 e5 8. e4 c6 9. b3 Re8 10. h3 exd4 11. Nxd4 Nc5 12. Re1 a5 13. Bf4 Nh5 14. Be3 Nf6 15. Qc2 Qe7 16. Rad1 h5 17. Bf4 Nfd7 18. Be3 Nf8 19. Re2 Nh7 20. f4 Qf6 21. Red2 Bf8 22. Nde2 b6 23. Bf2 Bb7 24. Kh2 Rad8 25. a3 Qe6 26. Nd4 Qc8 27. Nde2 Qc7 28. Kg1 Nf6 29. b4 axb4 30. axb4 Na6 31. Qb2 Bg7 32. Qb1 c5 33. Nb5 Qc6 34. bxc5 bxc5 35. Rxd6 Rxd6 36. Rxd6 Qc8 37. e5 Nd7 38. Rd1 0-1

[Event "Ruhrgebiet VK1 0001"]
[Site "Ruhrgebiet"]
[Date "2000.10.15"]
[Round "2"]
[White "Zimmermann, Dirk"]
[Black "Konietzka, Lutz"]
[Result "1-0"]
[WhiteElo "2103"]
[BlackElo "2007"]
[PlyCount "81"]
[EventDate "2000.09.17"]
[EventType "team-tourn"]
[EventRounds "9"]
[EventCountry "GER"]
[SourceTitle "EXT 2023"]
[Source "ChessBase"]
[SourceDate "2022.10.05"]
[SourceVersion "1"]
[SourceVersionDate "2022.10.05"]
[SourceQuality "1"]
[WhiteTeam "Doppelbauer Brambauer"]
[BlackTeam "Buer SF"]
[WhiteTeamCountry "GER"]
[BlackTeamCountry "GER"]

1. e4 c5 2. Nf3 Nc6 3. Bb5 d6 4. Bxc6+ bxc6 5. 0-0 e5 6. Re1 f5 7. exf5 Bxf5 8. d4 e4 9. dxc5 d5 10. Nd4 Qd7 11. Nxf5 Qxf5 12. Be3 Nf6 13. c4 Be7 14. cxd5 cxd5 15. Qa4+ Kf7 16. Nc3 Ng4 17. Rad1 Rhd8 18. Qb3 Ke6 19. Nb5 Kf7 20. Nc7 Rab8 21. Rxd5 Rxd5 22. Qxd5+ Qxd5 23. Nxd5 Nxe3 24. fxe3 Bxc5 25. Re2 Rd8 26. Nc3 Rd3 27. Kf2 Bb6 28. Nxe4 h6 29. Kf3 Ke6 30. Nf2 Rd8 31. Ke4 Rf8 32. Nd3 g5 33. b4 Rf5 34. Rf2 Rd5 35. Rf8 Rd7 36. Rh8 Rc7 37. Rxh6+ Kd7 38. Rh7+ Kc6 39. Rxc7+ Bxc7 40. h3 Kb5 41. Kd5 1-0

[Event "Sueder Sommer op 11th"]
[Site "Recklinghausen"]
[Date "2000.07.29"]
[Round "8"]
[White "Jellinghaus, Lars"]
[Black "Konietzka, Lutz"]
[Result "0-1"]
[WhiteElo "2259"]
[BlackElo "2151"]
[PlyCount "64"]
[EventDate "2000.07.22"]
[EventType "swiss"]
[EventRounds "9"]
[EventCountry "GER"]
[SourceTitle "EXT 2001"]
[Source "ChessBase"]
[SourceDate "2000.11.22"]
[SourceVersion "1"]
[SourceVersionDate "2000.11.22"]
[SourceQuality "1"]

1. d4 Nf6 2. c4 c5 3. d5 d6 4. Nc3 g6 5. e4 Bg7 6. Bd3 0-0 7. Nge2 e6 8. f3 exd5 9. cxd5 Nbd7 10. 0-0 Re8 11. Bg5 h6 12. Be3 Ne5 13. Rb1 a6 14. Bc2 Nc4 15. Bf2 b5 16. b4 Na3 17. bxc5 Nxb1 18. Qxb1 dxc5 19. Bxc5 Qc7 20. Bd4 Ng4 21. fxg4 Bxd4+ 22. Nxd4 Qxc3 23. Nc6 Bxg4 24. e5 Qc5+ 25. Kh1 Qxd5 26. Bb3 Qxc6 27. Rxf7 Kh8 28. h3 Bxh3 29. Rf3 Bf5 30. Qb2 Rac8 31. Rf1 Qc3 32. Qe2 Rxe5 0-1